BUBT Library Online Catalog

চিরঞ্জীব বঙ্গবন্ধু শেখ মুজিব / (Record no. 6602)

000 -LEADER
fixed length control field 00858nam a22002057a 4500
003 - CONTROL NUMBER IDENTIFIER
control field BUBTL
008 - FIXED-LENGTH DATA ELEMENTS--GENERAL INFORMATION
fixed length control field 211207b ||||| |||| 00| 0 eng d
020 ## - INTERNATIONAL STANDARD BOOK NUMBER
International Standard Book Number 9789848167002
082 ## - DEWEY DECIMAL CLASSIFICATION NUMBER
Classification number 954.925/ R1293c
100 ## - MAIN ENTRY--PERSONAL NAME
9 (RLIN) 4451
Personal name রহমান, শাকিব
245 ## - TITLE STATEMENT
Title চিরঞ্জীব বঙ্গবন্ধু শেখ মুজিব /
Statement of responsibility, etc. শাকিব রহমান
250 ## - EDITION STATEMENT
Edition statement 1st Edn.
260 ## - PUBLICATION, DISTRIBUTION, ETC. (IMPRINT)
Place of publication, distribution, etc. ঢাকা :
Name of publisher, distributor, etc. বর্ণবিচিত্রা,
Date of publication, distribution, etc. c2017
300 ## - PHYSICAL DESCRIPTION
Extent 287 p. :
Dimensions 22 cm.
505 ## - FORMATTED CONTENTS NOTE
Formatted contents note চিরঞ্জীব বঙ্গবন্ধু শেখ মুজিব, চিরঞ্জীব, বঙ্গবন্ধু, শেখ মুজিব, শাকিব রহমান
650 #0 - SUBJECT ADDED ENTRY--TOPICAL TERM
9 (RLIN) 4372
Topical term or geographic name as entry element Bangabandhu
856 ## - ELECTRONIC LOCATION AND ACCESS
Password 0
Logon 0
Link text Download
942 ## - ADDED ENTRY ELEMENTS (KOHA)
Source of classification or shelving scheme
Koha item type Books
Holdings
Withdrawn status Lost status Source of classification or shelving scheme Damaged status Not for loan Collection code Permanent location Current location Shelving location Date acquired Source of acquisition Inventory number Total Checkouts Full call number Barcode Date last seen Copy number Price effective from Koha item type
          Non-fiction Bangladesh University of Business and Technology Library Bangladesh University of Business and Technology Library Historical Books 03/09/2020 Purchase 26928   954.925/ R1293c BUBTL-200326928 12/07/2021 C-1 12/07/2021 Books

More Information About Library

Library Hours

  • Open: 9.00 am. to 9.00 pm.
  • Only Sunday: 9.00 am. to 6.00 pm.
  • Closed: Holiday

Contact to the University

Bangladesh University of Business and Technology Library

  • Mirpurl-2, 1216.
  • Phone:
  • Fax:
  • E-Mail: admin.library@bubt.edu.bd

Contact to the Library

Contact Person:

Md. Abdul Hakim Shah
Joint Librarian
PABX No:  113
Cell No: 01816332931
E-mail: official: admin.library@bubt.edu.bd
Personal: hakim.shah@bubt.edu.bd


BUBT Library

Copyright © 2021